| 000 | 01116nac a22003257a 4500 | ||
|---|---|---|---|
| 001 | BR7906794 | ||
| 003 | BR-BrBNA | ||
| 005 | 20240105114525.0 | ||
| 008 | 230509b bl.|||m| |||| 00| 0 por d | ||
| 040 |
_aBR-BrBNA _bpor _cBiblioteca Nacional de Agricultura |
||
| 072 | _aM00; M10 | ||
| 090 | _a8100 BR7906794 | ||
| 110 | 1 |
_aPrograma de Pesquisa e Desenvolvimento Pesqueiro do Brasil, Brasilia, DF _97975 |
|
| 245 | 1 | _aSumarizacao dos dados coletados no estado sobre: controle de desembarque realizado na pesca industrial e artesanal. Jul. - dez. 1978 [Ceara; Brasil] | |
| 260 | 3 |
_aBrasilia, DF (Brasil): _c1979. |
|
| 300 | _a26 p. | ||
| 490 |
_aDocumentos Informe Semestral. Estado do Ceara - Programa de Pesquisa e Desenvolvimento Pesqueiro do Brasil (Brazil) _vno. 5 _x |
||
| 500 | _aNumerical data | ||
| 650 | _aPesca | ||
| 650 | _aProducao pesqueira | ||
| 650 | _aPesca Marinha | ||
| 650 | _aCrustaceo | ||
| 650 | _aMolusco | ||
| 650 | _aReptil | ||
| 650 | _aPreco | ||
| 650 | _aExportacao | ||
| 650 | _aCeara | ||
| 909 |
_a202312 _bLúcia Elande _c55 _dLúcia Elande |
||
| 942 |
_2AGRIS _n0 _cMS |
||
| 999 |
_c269836 _d269836 |
||